000 00350nam a2200109Ia 4500
008 171204s9999 xx 000 0 und d
245 _aEthics and Science Education: How Subjectivity Matters
245 _cJesse Bazzul
260 _c2016
650 _xField Study 4: Exploring the Curriculum
856 _uhttp://down.ebook777.com/040/9783319391304.pdf
999 _c345821
_d345821